Die Griechen und ihre Nachbarn /

محفوظ في:

المؤلف الرئيسي: Schefold, Karl

مؤلفون آخرون: Berger, Ludwig, 1933-

التنسيق: كتاب

اللغة: German

منشور في: [Berlin : Propyläen Verlag, 1967]

سلاسل: Propyläen Kunstgeschichte ; 1.

الموضوعات:

الوسوم: إضافة وسم

لا توجد وسوم, كن أول من يضع وسما على هذه التسجيلة!

رقم الطلب: N5630 .S328

LEADER 00854nam a22002537a 4500
003 OSt
005 20260201084422.0
008 010226t1967 gw g b 000 0 ger d
040 |c ARCE Library 
050 1 4 |a N5630  |b .S328 
100 1 |a Schefold, Karl, 
245 1 4 |a Die Griechen und ihre Nachbarn /  |c Mit Beiträgen von Ludwig Berger [u.a.] ([Mit] 642 Abbildungen auf 464 Tafelseiten, davon 33 farbig, 74 Zeichnungen und 5 Karten im Text) 
260 |a [Berlin :  |b Propyläen Verlag,  |c 1967] 
300 |a 372 pages ;  |c 29 cm. 
490 1 |a Propyläen Kunstgeschichte ;   |v 1. 
504 |a Includes bibliographical references. 
650 0 |a Art, Ancient. 
650 0 |a Art, Greek. 
650 0 |a Art, Greco-Roman. 
700 1 |a Berger, Ludwig,  |d 1933- 
830 0 |a Propyläen Kunstgeschichte ;   |v 1. 
901 |a reviewed 
942 |2 lcc  |c BK 
999 |c 31189  |d 31189